Die sieben Schiesssequenzen - Statistiken

Allgemein
  • Dieses Quiz wurde 10 mal gespielt
  • Das Durchschnittsergebnis liegt bei 3 aus 7
Antwortstatistiken
Hint Antwort % Korrekt
3. Zielen
100%
5. Schiessen
83%
2. Anschlagen "Elevation"
17%
1. Identifikation
17%
4. Platzieren des Zeigefingers auf dem Abzug
17%
7. Scanning, Umfeld- und Wirkungskontrolle
17%
6. Zielanalyse
17%
Keine übereinstimmenden Quizze gefunden
Verteilung der Resultate
Anzahl Personen mit jedem Resultat
Perzentil nach korrekt beantworteten Fragen
Ihre Resultats-Entwicklung
Sie haben dieses Quiz noch nicht gespielt